| 000 | 01020nam a2200253 a 4500 | ||
|---|---|---|---|
| 001 | 82365 | ||
| 003 | BD-RjUL | ||
| 005 | 20231204105031.0 | ||
| 008 | 231128s2018 bg a|||| m||| 00| 0 eng d | ||
| 035 | _a(BD-RjUL)82365 | ||
| 040 |
_aBD-RjUL _beng _cBD-RjUL _dBD-RjUL |
||
| 041 | _aeng | ||
| 082 |
_223 _a572.2 _bISS 2018 |
||
| 100 |
_aIslam, Md. Aminul _95279 |
||
| 245 | 1 | 0 |
_aStudies on Phytochemicals of Wedelia Chinensis (Asteraceae) and Their Anticholinesterase & Antioxidant Activities / _cMd. Aminul Islam ; _6Supervisor : M. Shahed Zaman, Co-Supervisor : Md. Golam Shadik |
| 260 |
_aRajshahi : _bDepartment of chemistry, University of Rajshahi, _c2018 |
||
| 300 |
_aviii, 223 Leaves : _bill, ; _c29 cm. |
||
| 502 | _aThesis (Ph. D.) -- Department of chemistry, University of Rajshahi, 2018 | ||
| 504 | _aReferences : Leaves [208]-223 | ||
| 650 |
_aBiochmistry _xPhytichemicals _910231 |
||
| 700 |
_aZaman, M. Shahed, Supervisor _910232 |
||
| 700 |
_aShadik, Md. Golam, Co-Supervisor _910233 |
||
| 942 |
_2ddc _cTHE |
||
| 999 |
_c82365 _d82365 |
||